000 00350 a2200157 4500
001 149022
040 _cEscola São Tomás de Aquino
100 _aMORAIS, Lucíola
240 1 0 _aA minha floresta
_lpor
245 1 0 _aA minha floresta
300 _a15
362 0 _a2005
440 1 _aDuna Dueto
697 _a*LITERATURA INFANTO
942 _cBK
999 _c149022
_d149022